[Event "Welsh Seniors Ch"]
[Site "Penarth"]
[Date "2017.09.01"]
[Round "1.1"]
[White "Greatorex, Roger"]
[Black "Reynolds, D Ian W"]
[Result "1/2-1/2"]
[WhiteElo "1733"]
[BlackElo "2034"]
[PlyCount "56"]
[EventDate "2017.09.01"]
[EventRounds "5"]
[EventCountry "WLS"]
[SourceDate "2017.09.02"]

1. Nc3 d5 2. e4 dxe4 3. Nxe4 Bf5 4. Ng3 Bg6 5. Nf3 e6 6. d4 Nf6 7. Ne5 c5 8.
Bb5+ Nfd7 9. O-O a6 10. Nxd7 Nxd7 11. Be2 Nf6 12. Bf3 Qc7 13. dxc5 Bxc5 14. c3
O-O 15. Bg5 Be7 16. Qb3 Rab8 17. Qa4 h6 18. Bf4 e5 19. Be3 Rfe8 20. Rfd1 Bf8
21. Ne4 Nxe4 22. Bxe4 b5 23. Qc2 Bxe4 24. Qxe4 Rbd8 25. a4 Rxd1+ 26. Rxd1 Rd8
27. Qc2 Rxd1+ 28. Qxd1 Qc4 1/2-1/2

[Event "Welsh Seniors Ch"]
[Site "Penarth"]
[Date "2017.09.01"]
[Round "1.2"]
[White "Van Kemenade, Rudy"]
[Black "Williams, Ron"]
[Result "1-0"]
[WhiteElo "1998"]
[BlackElo "1692"]
[Annotator ",jthornton126@btinter"]
[PlyCount "63"]
[EventDate "2017.09.01"]
[EventRounds "5"]
[EventCountry "WLS"]
[SourceDate "2017.09.02"]

1. e4 d6 2. d4 Nf6 3. Nc3 Nbd7 4. g3 e5 5. Nge2 c6 6. a4 Qc7 7. Bg2 Be7 8. O-O
h6 9. h3 g5 10. f4 Rg8 11. fxe5 dxe5 12. Be3 Nh5 13. Bf3 Ndf6 14. dxe5 Qxe5 15.
Bxh5 Nxh5 16. Kg2 Bd6 17. Bd4 Qe6 18. Rh1 Qg6 19. e5 Bc7 20. g4 Nf4+ 21. Nxf4
gxf4 22. Rf1 h5 23. Rxf4 hxg4 24. h4 Be6 25. Qe2 Qh6 26. Kg3 Bd8 27. Rh1 Rh8
28. Qh2 Qh5 29. Ne4 Be7 30. Nd6+ Kd7 31. b3 b6 32. c4 {White won on time} 1-0

[Event "Welsh Seniors Ch"]
[Site "Penarth"]
[Date "2017.09.01"]
[Round "1.3"]
[White "Probert, Malcolm"]
[Black "Waterfield, John W"]
[Result "0-1"]
[WhiteElo "1600"]
[BlackElo "1958"]
[PlyCount "40"]
[EventDate "2017.09.01"]
[EventRounds "5"]
[EventCountry "WLS"]
[SourceDate "2017.09.02"]

1. Nf3 g6 2. g3 Bg7 3. Bg2 e5 4. d3 d5 5. O-O Ne7 6. c4 dxc4 7. dxc4 O-O 8. Bg5
f6 9. Be3 Be6 10. Nbd2 Nd7 11. Rc1 Nf5 12. Qb3 Nxe3 13. Qxe3 Qe7 14. a3 a5 15.
Ne1 c6 16. Nd3 f5 17. f3 c5 18. Nb3 b6 19. Nd2 e4 20. fxe4 Bd4 0-1

[Event "Welsh Seniors Ch"]
[Site "Penarth"]
[Date "2017.09.01"]
[Round "1.4"]
[White "Taylor, Robert Graham"]
[Black "Hurn, Robert AJ"]
[Result "1-0"]
[WhiteElo "1929"]
[BlackElo "1589"]
[PlyCount "67"]
[EventDate "2017.09.01"]
[EventRounds "5"]
[EventCountry "WLS"]
[SourceDate "2017.09.02"]

1. Nf3 Nf6 2. g3 g6 3. Bg2 Bg7 4. d3 d6 5. e4 Nbd7 6. c3 c6 7. h3 Qc7 8. Be3
O-O 9. Qd2 Rd8 10. Bh6 Bh8 11. Qe2 Rb8 12. O-O b5 13. Nbd2 a6 14. Nh4 Qb6 15.
Kh2 Bg7 16. Bxg7 Kxg7 17. f4 Qc7 18. Rae1 b4 19. e5 dxe5 20. fxe5 Ng8 21. e6
fxe6 22. Qxe6 Ndf6 23. Qc4 bxc3 24. Qxc3 Bd7 25. Rxe7+ Kh6 26. Rf7 Rf8 27.
R1xf6 Nxf6 28. Rxf6 Rg8 29. Ne4 Rbf8 30. Nd6 Bc8 31. Nhf5+ Bxf5 32. Nxf5+ Kg5
33. h4+ Kg4 34. Qd4+ 1-0

[Event "Welsh Seniors Ch"]
[Site "Penarth"]
[Date "2017.09.01"]
[Round "1.5"]
[White "Parsons, David Ivor"]
[Black "Davis, Lee"]
[Result "0-1"]
[WhiteElo "1589"]
[BlackElo "1906"]
[PlyCount "88"]
[EventDate "2017.09.01"]
[EventRounds "5"]
[EventCountry "WLS"]
[SourceDate "2017.09.02"]

1. d4 Nf6 2. Nf3 e6 3. Nbd2 d5 4. e3 Be7 5. Bd3 O-O 6. O-O c5 7. b3 Nc6 8. a3
Qc7 9. Bb2 cxd4 10. exd4 Bd6 11. Qe2 Re8 12. Ne5 b6 13. f4 Bb7 14. Rf3 g6 15.
Rh3 Bf8 16. Qf2 Qd8 17. Qg3 Bg7 18. Ndf3 Nxe5 19. fxe5 Ne4 20. Bxe4 dxe4 21.
Ng5 h6 22. Nxf7 Kxf7 23. Rf1+ Kg8 24. Rxh6 Rf8 25. Rxf8+ Qxf8 26. Qxg6 Qf5 27.
Qxe6+ Qxe6 28. Rxe6 e3 29. Bc1 e2 30. Kf2 Bxg2 31. Kxe2 Bh3 32. Rg6 Kf7 33. Rg3
Rh8 34. Bf4 Bf8 35. Rc3 Bg4+ 36. Kd2 Ke6 37. Rc8 Kf5 38. Bg3 Bh6+ 39. Kd3 Rxc8
40. c4 Bg7 41. b4 Bd1 42. c5 bxc5 43. bxc5 Bb3 44. Kc3 Bd5 0-1

[Event "Welsh Seniors Ch"]
[Site "Penarth"]
[Date "2017.09.01"]
[Round "1.6"]
[White "Dixon, Chris"]
[Black "O`Rourke, Kevin"]
[Result "1-0"]
[WhiteElo "1812"]
[BlackElo "1277"]
[PlyCount "89"]
[EventDate "2017.09.01"]
[EventRounds "5"]
[EventCountry "WLS"]
[SourceDate "2017.09.02"]

1. e4 e5 2. Nc3 d6 3. Bc4 Nf6 4. d3 h6 5. Nf3 Nc6 6. h3 a6 7. O-O Na5 8. Bb3
Nxb3 9. axb3 Be7 10. d4 exd4 11. Nxd4 c5 12. Nf3 Be6 13. Qe2 Nh7 14. Nd5 Bg5
15. c4 O-O 16. Nxg5 hxg5 17. f4 Bxd5 18. exd5 Re8 19. Qf2 f6 20. Bd2 Qd7 21.
fxg5 fxg5 22. Bc3 Rf8 23. Qg3 Rxf1+ 24. Rxf1 Qe7 25. Re1 Qd7 26. Re6 Nf8 27.
Re4 Qf5 28. Re7 Qb1+ 29. Kh2 Qg6 30. Rxg7+ Qxg7 31. Bxg7 Kxg7 32. Qxd6 Ng6 33.
Qxc5 Rh8 34. d6 g4 35. Qd4+ Kh6 36. Qxg4 Rh7 37. d7 Ne5 38. Qf4+ Kg6 39. Qxe5
Rxd7 40. Qe8+ Rf7 41. Qxf7+ Kxf7 42. Kg3 Kg6 43. Kf4 b6 44. b4 Kh5 45. c5 1-0

[Event "Welsh Seniors Ch"]
[Site "Penarth"]
[Date "2017.09.02"]
[Round "2.1"]
[White "Davis, Lee"]
[Black "Van Kemenade, Rudy"]
[Result "1-0"]
[WhiteElo "1906"]
[BlackElo "1998"]
[PlyCount "69"]
[EventDate "2017.09.01"]
[EventRounds "5"]
[EventCountry "WLS"]
[SourceDate "2017.09.02"]

1. d4 d6 2. Nf3 f5 3. g3 Nf6 4. Bg2 g6 5. O-O Bg7 6. c4 O-O 7. Nc3 Qe8 8. d5
Na6 9. Rb1 c5 10. dxc6 bxc6 11. b4 Bd7 12. b5 cxb5 13. cxb5 Nc5 14. Nd4 Nfe4
15. Nxe4 Nxe4 16. Qb3+ Kh8 17. Bxe4 fxe4 18. Ne6 Rf5 19. Bb2 Bxe6 20. Bxg7+
Kxg7 21. Qxe6 Re5 22. Qb3 Rb8 23. a4 Qd7 24. Rbd1 Qh3 25. Rd5 Qe6 26. Rfd1 Rc8
27. Qb2 Rc5 28. Rxc5 dxc5 29. a5 Kf7 30. Qd2 e3 31. fxe3 Rxe3 32. Qd8 Re5 33.
Qh8 h5 34. Rd8 Rxe2 35. Qf8# 1-0

[Event "Welsh Seniors Ch"]
[Site "Penarth"]
[Date "2017.09.02"]
[Round "2.2"]
[White "Waterfield, John W"]
[Black "Taylor, Robert Graham"]
[Result "1/2-1/2"]
[WhiteElo "1958"]
[BlackElo "1929"]
[PlyCount "37"]
[EventDate "2017.09.01"]
[EventRounds "5"]
[EventCountry "WLS"]
[SourceDate "2017.09.02"]

1. e4 c5 2. Nf3 Nc6 3. d4 cxd4 4. Nxd4 e6 5. Nc3 Qc7 6. Be2 a6 7. O-O d6 8. Be3
Nf6 9. f4 Be7 10. a3 Bd7 11. Qe1 O-O 12. Qf2 Nxd4 13. Bxd4 Bc6 14. Bf3 Nd7 15.
Rfe1 e5 16. Nd5 Bxd5 17. exd5 Bf6 18. fxe5 Nxe5 19. Bxe5 1/2-1/2

[Event "Welsh Seniors Ch"]
[Site "Penarth"]
[Date "2017.09.02"]
[Round "2.3"]
[White "Reynolds, D Ian W"]
[Black "Dixon, Chris"]
[Result "1-0"]
[WhiteElo "2034"]
[BlackElo "1812"]
[PlyCount "77"]
[EventDate "2017.09.01"]
[EventRounds "5"]
[EventCountry "WLS"]
[SourceDate "2017.09.02"]

1. e4 d6 2. d4 Nf6 3. Nc3 g6 4. f4 Bg7 5. Nf3 c5 6. dxc5 Qa5 7. Bd3 Qxc5 8. Qe2
O-O 9. Be3 Qa5 10. O-O Nc6 11. h3 Nh5 12. Qf2 e5 13. f5 Qd8 14. Nd5 Nf4 15.
Nxf4 exf4 16. Bxf4 Bxb2 17. Rad1 Qe7 18. Kh1 Bg7 19. g4 Ne5 20. Qg3 Bd7 21. Bg5
Bf6 22. Bxf6 Qxf6 23. g5 Qe7 24. f6 Qe6 25. Kh2 Nxf3+ 26. Rxf3 Qe5 27. Qxe5
dxe5 28. Bc4 Bc6 29. Bd5 Rac8 30. Rd2 Rfd8 31. Rfd3 Kf8 32. Kg3 Bxd5 33. Rxd5
Re8 34. Rd7 Rc3+ 35. Kg2 Re3 36. Rxb7 Rc8 37. Rc7 Rb8 38. Rdd7 Re2+ 39. Kf3 1-0

[Event "Welsh Seniors Ch"]
[Site "Penarth"]
[Date "2017.09.02"]
[Round "2.4"]
[White "Bevan, Peter M"]
[Black "Greatorex, Roger"]
[Result "1-0"]
[WhiteElo "1937"]
[BlackElo "1733"]
[PlyCount "51"]
[EventDate "2017.09.01"]
[EventRounds "5"]
[EventCountry "WLS"]
[SourceDate "2017.09.02"]

1. c4 e5 2. Nc3 Nc6 3. Nf3 f5 4. d4 e4 5. Ng5 Bb4 6. Nh3 Qf6 7. e3 Bxc3+ 8.
bxc3 Nge7 9. Nf4 O-O 10. Ba3 d6 11. Be2 Rb8 12. h4 Bd7 13. Qc2 Be8 14. f3 Ng6
15. Nd5 Qd8 16. fxe4 Nxh4 17. O-O-O Bg6 18. g3 Ng2 19. exf5 Bxf5 20. Bd3 Nxe3
21. Nxe3 Qg5 22. Bxf5 Qxe3+ 23. Kb1 h6 24. Bc1 Qf3 25. Be6+ Kh8 26. Bxh6 1-0

[Event "Welsh Seniors Ch"]
[Site "Penarth"]
[Date "2017.09.02"]
[Round "2.5"]
[White "James, Dai"]
[Black "Cox, John"]
[Result "1-0"]
[WhiteElo "1847"]
[BlackElo "1430"]
[PlyCount "75"]
[EventDate "2017.09.01"]
[EventRounds "5"]
[EventCountry "WLS"]
[SourceDate "2017.09.02"]

1. f4 d5 2. Nf3 e6 3. g3 Nf6 4. Bg2 Be7 5. O-O O-O 6. Ne5 Nbd7 7. d4 c5 8. c3
Qc7 9. Nd2 b6 10. e4 dxe4 11. Nxe4 Bb7 12. Qe2 Nxe4 13. Bxe4 Bxe4 14. Qxe4 Nf6
15. Qf3 cxd4 16. cxd4 Nd5 17. f5 Rad8 18. Bf4 Nxf4 19. Qxf4 exf5 20. Rad1 Bf6
21. Qxf5 Bxe5 22. Qxe5 Qxe5 23. dxe5 Rfe8 24. Rd6 Kf8 25. Rfd1 Ke7 26. Rxd8
Rxd8 27. Rxd8 Kxd8 28. Kf2 Ke7 29. Ke3 Ke6 30. Ke4 f6 31. exf6 gxf6 32. g4 h6
33. h4 a6 34. h5 a5 35. a4 Ke7 36. Kf5 Kf7 37. b3 Kg7 38. Ke6 1-0

[Event "Welsh Seniors Ch"]
[Site "Penarth"]
[Date "2017.09.02"]
[Round "2.6"]
[White "Williams, Ron"]
[Black "Parsons, David Ivor"]
[Result "1/2-1/2"]
[WhiteElo "1692"]
[BlackElo "1589"]
[PlyCount "64"]
[EventDate "2017.09.01"]
[EventRounds "5"]
[EventCountry "WLS"]
[SourceDate "2017.09.02"]

1. d4 Nf6 2. Bf4 d6 3. Nc3 g6 4. e4 Bg7 5. Qd2 h5 6. h3 c6 7. Bd3 Nfd7 8. Nf3
e5 9. dxe5 Nxe5 10. Nxe5 dxe5 11. Be3 Be6 12. Rd1 O-O 13. Qe2 Nd7 14. Bc4 Qe7
15. O-O Rfd8 16. Bxe6 Qxe6 17. Rd3 Nb6 18. Bxb6 axb6 19. Rfd1 Rd4 20. Qd2 Rad8
21. a3 Bf8 22. Qe2 Bh6 23. Na4 Qc4 24. Nc3 b5 25. Qf3 Qe6 26. Ne2 R4d6 27. Rxd6
Rxd6 28. Rxd6 Qxd6 29. Qd3 Bf8 30. Qxd6 Bxd6 31. Nc1 Kf8 32. Nd3 Ke7 1/2-1/2

[Event "Welsh Seniors Ch"]
[Site "Penarth"]
[Date "2017.09.02"]
[Round "2.7"]
[White "Hurn, Robert AJ"]
[Black "Probert, Malcolm"]
[Result "1/2-1/2"]
[WhiteElo "1589"]
[BlackElo "1600"]
[PlyCount "58"]
[EventDate "2017.09.01"]
[EventRounds "5"]
[EventCountry "WLS"]
[SourceDate "2017.09.02"]

1. d4 d6 2. Nf3 g6 3. c4 Bg7 4. e4 e5 5. d5 f5 6. Nc3 Nf6 7. Bd3 f4 8. h3 Nbd7
9. b4 a5 10. b5 O-O 11. a4 h6 12. Ba3 g5 13. Nh2 Nh7 14. Be2 Ndf6 15. Rc1 b6
16. Kd2 Bd7 17. Kc2 Be8 18. Kb3 Bg6 19. Qd3 h5 20. Rcg1 Qd7 21. Bc1 Kf7 22. Nf3
Ke7 23. Ba3 Ng8 24. Nh2 Nh6 25. Qd1 Nf6 26. f3 Rf7 27. Na2 g4 28. hxg4 hxg4 29.
Nc3 g3 1/2-1/2

[Event "Welsh Seniors Ch"]
[Site "Penarth"]
[Date "2017.09.02"]
[Round "3.1"]
[White "Waterfield, John W"]
[Black "Davis, Lee"]
[Result "1/2-1/2"]
[WhiteElo "1958"]
[BlackElo "1906"]
[PlyCount "46"]
[EventDate "2017.09.01"]
[EventRounds "5"]
[EventCountry "WLS"]
[SourceDate "2017.09.02"]

1. e4 c5 2. Nf3 e6 3. d4 cxd4 4. Nxd4 a6 5. Bd3 g6 6. O-O Bg7 7. Be3 Nc6 8. c3
Nge7 9. Nd2 O-O 10. f4 d6 11. Qe2 f5 12. Nxc6 bxc6 13. Nf3 fxe4 14. Bxe4 Nd5
15. g3 Nxe3 16. Qxe3 Rb8 17. Rf2 Qc7 18. Rd1 e5 19. fxe5 d5 20. Bd3 Bg4 21.
Rdd2 Rxf3 22. Rxf3 Bxf3 23. Qxf3 Bxe5 1/2-1/2

[Event "Welsh Seniors Ch"]
[Site "Penarth"]
[Date "2017.09.02"]
[Round "3.3"]
[White "Taylor, Robert Graham"]
[Black "Bevan, Peter M"]
[Result "0-1"]
[WhiteElo "1929"]
[BlackElo "1937"]
[PlyCount "78"]
[EventDate "2017.09.01"]
[EventRounds "5"]
[EventCountry "WLS"]
[SourceDate "2017.09.02"]

1. b3 e5 2. Bb2 Nc6 3. e3 Nf6 4. d3 d5 5. Nd2 Bd6 6. Be2 O-O 7. Ngf3 Qe7 8. O-O
Re8 9. c4 d4 10. exd4 exd4 11. Re1 Bg4 12. h3 Bh5 13. a3 a5 14. Bf1 Qd7 15. Qc2
Bc5 16. Be2 Rad8 17. Nf1 Re7 18. Ng3 Rde8 19. Qd2 Bg6 20. Nh4 Bd6 21. Nxg6 hxg6
22. Bf3 Ne5 23. Be4 c5 24. Qxa5 Nxe4 25. Nxe4 Nxd3 26. Red1 Nxb2 27. Nxd6 Qxd6
28. Rf1 Nd3 29. Qd2 Nf4 30. g3 Nxh3+ 31. Kh2 Re2 32. Rae1 Rxe1 33. Rxe1 Rxe1
34. Qxe1 Ng5 35. Qe8+ Kh7 36. f4 Qe6 37. Qd8 Qh3+ 38. Kg1 Qxg3+ 39. Kf1 Ne4 0-1

[Event "Welsh Seniors Ch"]
[Site "Penarth"]
[Date "2017.09.03"]
[Round "3.4"]
[White "Van Kemenade, Rudy"]
[Black "Dixon, Chris"]
[Result "1-0"]
[WhiteElo "1998"]
[BlackElo "1812"]
[PlyCount "107"]
[EventDate "2017.09.01"]
[EventRounds "5"]
[EventCountry "WLS"]
[SourceDate "2017.09.02"]

1. d4 Nf6 2. c4 g6 3. Nc3 Bg7 4. e4 O-O 5. Nf3 d6 6. h3 Nbd7 7. Bg5 h6 8. Be3
e5 9. d5 b6 10. Bd3 Nc5 11. Bc2 a5 12. a3 Bd7 13. b4 axb4 14. axb4 Nb7 15. Rb1
Kh7 16. g4 Ng8 17. Ne2 Qe8 18. Nc3 Ra3 19. Bd2 b5 20. Qe2 c6 21. dxc6 Bxc6 22.
cxb5 Bd7 23. Bd3 Be6 24. Rc1 Qa8 25. O-O Ne7 26. Nb1 Ra2 27. Rc7 Nc8 28. Bc4
Rc2 29. Rc1 Rxc1+ 30. Bxc1 Qb8 31. Rc6 Ne7 32. Bxe6 fxe6 33. Ra6 Qc7 34. Bb2
Nc8 35. Rc6 Qf7 36. Nfd2 Na7 37. Ra6 Nxb5 38. f3 Nd4 39. Bxd4 exd4 40. Ra7 Qc7
41. Qb5 Rb8 42. Kg2 Be5 43. Na3 Bf4 44. Ndc4 d3 45. Nb1 g5 46. Ncd2 Kg6 47.
Qxd3 e5 48. Nc4 h5 49. Qd5 Qe7 50. Nc3 hxg4 51. fxg4 Bc1 52. Ne2 Bf4 53. Na5
Qd7 54. Rxb7 1-0

[Event "Welsh Seniors Ch"]
[Site "Penarth"]
[Date "2017.09.02"]
[Round "3.5"]
[White "Greatorex, Roger"]
[Black "Hurn, Robert AJ"]
[Result "1/2-1/2"]
[WhiteElo "1733"]
[BlackElo "1589"]
[PlyCount "61"]
[EventDate "2017.09.01"]
[EventRounds "5"]
[EventCountry "WLS"]
[SourceDate "2017.09.02"]

1. Nc3 d5 2. e4 e6 3. d4 c6 4. e5 Nd7 5. f4 Ne7 6. Bd3 g6 7. Nf3 Bg7 8. b4 b5
9. a4 bxa4 10. Rxa4 O-O 11. Ba3 Bb7 12. O-O a6 13. Qe2 Re8 14. Bxa6 Qc8 15. Bd3
Qc7 16. Rxa8 Rxa8 17. Bb2 Qb6 18. Nd1 Qxb4 19. Bc3 Qb6 20. Qd2 Ba6 21. g4 Bxd3
22. cxd3 Qb5 23. Ne3 Bh6 24. Ng5 c5 25. Nc2 Nc6 26. Nf3 Ra2 27. g5 Bf8 28. Ra1
Rxa1+ 29. Bxa1 c4 30. dxc4 Qxc4 31. Qc3 1/2-1/2

[Event "Welsh Seniors Ch"]
[Site "Penarth"]
[Date "2017.09.02"]
[Round "3.6"]
[White "Cox, John"]
[Black "Williams, Ron"]
[Result "1-0"]
[WhiteElo "1430"]
[BlackElo "1692"]
[PlyCount "93"]
[EventDate "2017.09.01"]
[EventRounds "5"]
[EventCountry "WLS"]
[SourceDate "2017.09.02"]

1. e4 d6 2. d4 Nf6 3. Nc3 Nbd7 4. Nf3 e5 5. dxe5 dxe5 6. Bd3 c6 7. O-O Be7 8.
Qe2 Qc7 9. Bg5 h6 10. Bh4 Nf8 11. Bg3 Bd6 12. Nd2 g5 13. Nc4 Ng6 14. Nxd6+ Qxd6
15. Rad1 Qe7 16. Rd2 Nf4 17. Bxf4 gxf4 18. Bc4 Rg8 19. Kh1 Ng4 20. Rfd1 Be6 21.
Bxe6 fxe6 22. h3 Qh4 23. Kg1 Nf6 24. Qc4 Kf7 25. Rd3 Rg6 26. Qb4 Rag8 27. Qxb7+
Kf8 28. Qb4+ Kg7 29. Qe7+ Kh8 30. g4 Rxg4+ 31. hxg4 Qxg4+ 32. Rg3 fxg3 33.
Qxf6+ Kh7 34. Rd7+ Rg7 35. Rxg7+ Qxg7 36. Qxg7+ Kxg7 37. fxg3 Kf6 38. Kf2 Kg5
39. Kf3 h5 40. Na4 Kf6 41. Nc5 Ke7 42. c4 Kd6 43. Nd3 a5 44. c5+ Kc7 45. Nxe5
Kb7 46. Nc4 Ka6 47. a4 1-0

[Event "Welsh Seniors Ch"]
[Site "Penarth"]
[Date "2017.09.03"]
[Round "3.7"]
[White "O`Rourke, Kevin"]
[Black "Probert, Malcolm"]
[Result "0-1"]
[WhiteElo "1277"]
[BlackElo "1600"]
[PlyCount "70"]
[EventDate "2017.09.01"]
[EventRounds "5"]
[EventCountry "WLS"]
[SourceDate "2017.09.02"]

1. e4 c6 2. d4 d5 3. e5 g6 4. Nd2 Bg7 5. Ndf3 Na6 6. Bd2 Nh6 7. h3 Qb6 8. Rb1
Nf5 9. Ne2 h5 10. Nc3 Nxd4 11. Be3 Nxf3+ 12. Qxf3 d4 13. Bc4 e6 14. Ne4 Bxe5
15. O-O dxe3 16. fxe3 Rf8 17. Nf6+ Bxf6 18. Qxf6 Qxe3+ 19. Kh1 b5 20. Rbe1 Qc5
21. Bxe6 Bxe6 22. Rxe6+ fxe6 23. Qxg6+ Kd7 24. Rd1+ Kc7 25. Qg7+ Kb6 26. c3
Rad8 27. Rg1 Rg8 28. Qf6 Qd5 29. Qd4+ Qxd4 30. cxd4 Rxd4 31. Re1 Re8 32. Re5
Rd5 33. Re4 e5 34. Rh4 e4 35. g4 e3 0-1

[Event "Welsh Seniors Ch"]
[Site "Penarth"]
[Date "2017.09.03"]
[Round "4.1"]
[White "Davis, Lee"]
[Black "Reynolds, D Ian W"]
[Result "1-0"]
[WhiteElo "1906"]
[BlackElo "2034"]
[PlyCount "43"]
[EventDate "2017.09.01"]
[EventRounds "5"]
[EventCountry "WLS"]
[SourceDate "2017.09.02"]

1. d4 Nf6 2. Nf3 d5 3. g3 c5 4. Bg2 cxd4 5. O-O Nc6 6. Nxd4 e5 7. Nxc6 bxc6 8.
c4 Be6 9. Nc3 Qd7 10. Bg5 d4 11. Qa4 Rc8 12. Bxf6 gxf6 13. Rfd1 f5 14. e3 Bg7
15. exd4 exd4 16. Ne2 c5 17. Qa6 O-O 18. Nf4 Rfe8 19. Rd3 Rb8 20. b3 Rb6 21.
Qa5 Be5 22. Qxc5 1-0

[Event "Welsh Seniors Ch"]
[Site "Penarth"]
[Date "2017.09.03"]
[Round "4.2"]
[White "Bevan, Peter M"]
[Black "Van Kemenade, Rudy"]
[Result "1/2-1/2"]
[WhiteElo "1937"]
[BlackElo "1998"]
[PlyCount "141"]
[EventDate "2017.09.01"]
[EventRounds "5"]
[EventCountry "WLS"]
[SourceDate "2017.09.02"]

1. c4 e5 2. g3 Nc6 3. Bg2 g6 4. Nc3 Bg7 5. Nf3 d6 6. d3 f5 7. Bg5 Qd7 8. h4 f4
9. h5 gxh5 10. gxf4 h6 11. Bh4 exf4 12. Qd2 Qf7 13. Nd5 Ne5 14. Nxf4 Bg4 15.
O-O-O Kd7 16. Nxe5+ Bxe5 17. Bg3 Nf6 18. f3 Bxf4 19. Qxf4 Be6 20. Bh4 Rhg8 21.
Bh3 Rg6 22. Bf5 Nh7 23. Bxe6+ Qxe6 24. Rhg1 Rag8 25. Rxg6 Rxg6 26. e4 Ng5 27.
Qf5 Qxf5 28. exf5 Rf6 29. f4 Rxf5 30. fxg5 hxg5 31. Bxg5 Rxg5 32. Rh1 Ke6 33.
Kd2 Kf5 34. Ke3 Kg6 35. Kf3 c5 36. Re1 Re5 37. Rg1+ Kh6 38. Rg8 Rf5+ 39. Ke4
Rf7 40. Rd8 Kg5 41. Rxd6 Kg4 42. Rg6+ Kh3 43. b4 cxb4 44. d4 Rf2 45. Rg5 h4 46.
Rb5 Kg4 47. Rxb7 Re2+ 48. Kd3 Rxa2 49. d5 h3 50. d6 Ra1 51. Rg7+ Kf3 52. d7
Rd1+ 53. Kc2 h2 54. Rh7 Rxd7 55. Rxh2 Ke4 56. Kb3 Rb7 57. Rd2 a5 58. Ra2 Ra7
59. Rd2 Rh7 60. Ka4 Rh5 61. Rd8 Rc5 62. Kb3 Ke5 63. Rd1 Ke6 64. Rd2 Rc6 65. Rd5
Ra6 66. Ka4 Ra7 67. Rd1 Rc7 68. Kxa5 Rxc4 69. Rb1 Kd5 70. Rxb4 Rxb4 71. Kxb4
1/2-1/2

[Event "Welsh Seniors Ch"]
[Site "Penarth"]
[Date "2017.09.03"]
[Round "4.3"]
[White "James, Dai"]
[Black "Waterfield, John W"]
[Result "1-0"]
[WhiteElo "1847"]
[BlackElo "1958"]
[PlyCount "46"]
[EventDate "2017.09.01"]
[EventRounds "5"]
[EventCountry "WLS"]
[SourceDate "2017.09.02"]

1. e4 d6 2. Nc3 e5 3. f4 exf4 4. Nf3 g5 5. Bc4 Bg7 6. h4 h6 7. d4 Nc6 8. g3 g4
9. Bxf4 gxf3 10. Qxf3 Nxd4 11. Bxf7+ Kxf7 12. Qh5+ Kf8 13. O-O Nf6 14. Be3 Kg8
15. Rxf6 Qxf6 16. Rf1 Qxf1+ 17. Kxf1 Bh3+ 18. Kg1 Kh7 19. Bxh6 Bxh6 20. Qf7+
Bg7 21. Nd5 Ne2+ 22. Kh2 Kh6 23. h5 Rac8 1-0

[Event "Welsh Seniors Ch"]
[Site "Penarth"]
[Date "2017.09.03"]
[Round "4.4"]
[White "Parsons, David Ivor"]
[Black "Taylor, Robert Graham"]
[Result "1/2-1/2"]
[WhiteElo "1589"]
[BlackElo "1929"]
[PlyCount "92"]
[EventDate "2017.09.01"]
[EventRounds "5"]
[EventCountry "WLS"]
[SourceDate "2017.09.02"]

1. d4 c5 2. e3 e6 3. Nf3 Nf6 4. Bd3 d5 5. b3 Nc6 6. Bb2 Be7 7. O-O O-O 8. a3
Ne4 9. Nbd2 f5 10. Ne5 Nxe5 11. dxe5 b6 12. f3 Ng5 13. f4 Nf7 14. g4 Nh6 15. g5
Nf7 16. Rf3 Qe8 17. h4 Nd8 18. Rh3 Nc6 19. Qe2 Bb7 20. Kf2 Rd8 21. Rg1 Rc8 22.
Ke1 Rc7 23. h5 a5 24. Bb5 Qc8 25. c4 d4 26. Bxc6 dxe3 27. Bxb7 exd2+ 28. Qxd2
Rxb7 29. Qe2 Rd8 30. h6 g6 31. Rd3 Rxd3 32. Qxd3 a4 33. bxa4 Rd7 34. Qe2 Qa8
35. Rg2 Qa5+ 36. Kf1 Qxa4 37. Rf2 Rd1+ 38. Kg2 Qd7 39. Kh2 Kf7 40. Qc2 Qd3 41.
Qxd3 Rxd3 42. Kg2 Rb3 43. Rd2 b5 44. cxb5 Rxb5 45. Bc1 Ra5 46. Rc2 Ra7 1/2-1/2

[Event "Welsh Seniors Ch"]
[Site "Penarth"]
[Date "2017.09.03"]
[Round "4.5"]
[White "Probert, Malcolm"]
[Black "Cox, John"]
[Result "1-0"]
[WhiteElo "1600"]
[BlackElo "1430"]
[PlyCount "103"]
[EventDate "2017.09.01"]
[EventRounds "5"]
[EventCountry "WLS"]
[SourceDate "2017.09.02"]

1. Nf3 d5 2. g3 Nf6 3. Bg2 e6 4. b3 Be7 5. Bb2 O-O 6. d4 Nbd7 7. O-O c5 8. Nbd2
Qc7 9. c4 cxd4 10. cxd5 Nxd5 11. Nxd4 N7b6 12. Rc1 Qd8 13. Nc4 Rb8 14. e3 Bd7
15. Ne5 Bf6 16. Ng4 Qe7 17. Qf3 h5 18. Nxf6+ Qxf6 19. Qxh5 Rfc8 20. Qe2 Qg6 21.
e4 Nb4 22. a3 Na6 23. e5 Nc7 24. Bc3 Ncd5 25. Bd2 Ne7 26. Rxc8+ Rxc8 27. Bxb7
Rc7 28. Be4 f5 29. exf6 Qxf6 30. Nb5 Bxb5 31. Qxb5 Kf7 32. Bg5 Qd4 33. Qe2 Qc5
34. Qh5+ g6 35. Qh7+ Ke8 36. Bxe7 Qxe7 37. Bxg6+ Kd7 38. Rd1+ Nd5 39. Qxe7+
Kxe7 40. h4 Nc3 41. Re1 Kf6 42. Bd3 Nd5 43. Bc4 Rc6 44. Kg2 Ne7 45. g4 Ng6 46.
h5 Ne5 47. Kg3 Nf7 48. f4 Nd8 49. g5+ Kg7 50. Kg4 a5 51. h6+ Kg8 52. f5 1-0

[Event "Welsh Seniors Ch"]
[Site "Penarth"]
[Date "2017.09.03"]
[Round "4.6"]
[White "Dixon, Chris"]
[Black "Greatorex, Roger"]
[Result "1/2-1/2"]
[WhiteElo "1812"]
[BlackElo "1733"]
[PlyCount "45"]
[EventDate "2017.09.01"]
[EventRounds "5"]
[EventCountry "WLS"]
[SourceDate "2017.09.02"]

1. Nf3 d5 2. g3 c5 3. Bg2 Nc6 4. O-O e5 5. d3 Be7 6. Nbd2 Nf6 7. e4 O-O 8. a4
Rb8 9. Re1 dxe4 10. dxe4 Qc7 11. Nc4 Bg4 12. c3 Rbd8 13. Qc2 h6 14. Ne3 Be6 15.
Nh4 c4 16. Nef5 Bc5 17. Be3 Bxe3 18. Nxe3 Na5 19. Nhf5 Nb3 20. Rad1 Qc5 21.
Rxd8 Rxd8 22. Rd1 Rxd1+ 23. Qxd1 1/2-1/2

[Event "Welsh Seniors Ch"]
[Site "Penarth"]
[Date "2017.09.03"]
[Round "4.7"]
[White "Hurn, Robert AJ"]
[Black "O`Rourke, Kevin"]
[Result "1-0"]
[WhiteElo "1589"]
[BlackElo "1277"]
[PlyCount "59"]
[EventDate "2017.09.01"]
[EventRounds "5"]
[EventCountry "WLS"]
[SourceDate "2017.09.02"]

1. d4 d5 2. c4 dxc4 3. e4 e6 4. Bxc4 Nf6 5. Nc3 a6 6. Nf3 Bb4 7. e5 Nd5 8. Bd2
Bxc3 9. bxc3 Nb6 10. Bd3 Bd7 11. O-O Bb5 12. Qe2 Bc6 13. Ng5 h6 14. Ne4 N8d7
15. Qg4 Qe7 16. Rfb1 O-O-O 17. Qe2 f5 18. Ng3 Be4 19. Nxe4 fxe4 20. Bxe4 Nd5
21. a4 Rdf8 22. a5 c6 23. c4 Nf4 24. Qg4 h5 25. Qd1 g5 26. Qb3 Qf7 27. Qxb7+
Kd8 28. Be3 Rh7 29. Qxc6 Qe7 30. Qa8+ 1-0

[Event "Welsh Seniors Ch"]
[Site "Penarth"]
[Date "2017.09.03"]
[Round "5.1"]
[White "Davis, Lee"]
[Black "Bevan, Peter M"]
[Result "1/2-1/2"]
[WhiteElo "1906"]
[BlackElo "1937"]
[PlyCount "89"]
[EventDate "2017.09.01"]
[EventRounds "5"]
[EventCountry "WLS"]
[SourceDate "2017.09.02"]

1. d4 d5 2. Nf3 Nf6 3. g3 c6 4. Bg2 Bf5 5. O-O e6 6. c4 a6 7. cxd5 cxd5 8. Nc3
Nc6 9. Bf4 Bd6 10. Bxd6 Qxd6 11. Rc1 b5 12. Nh4 Bg4 13. h3 Bh5 14. Qd2 O-O 15.
g4 Bg6 16. Nxg6 hxg6 17. e3 Rac8 18. Rfd1 Ne7 19. Ne2 Nd7 20. Rxc8 Rxc8 21. Rc1
Rc4 22. b3 Rc6 23. Rxc6 Qxc6 24. Qc1 Qxc1+ 25. Nxc1 Nc6 26. Nd3 Kf8 27. Kf1 Ke7
28. g5 Kd6 29. Ke2 e5 30. dxe5+ Ndxe5 31. Nf4 d4 32. Bxc6 Nxc6 33. exd4 Nxd4+
34. Ke3 Nc2+ 35. Kd2 Nb4 36. a4 bxa4 37. bxa4 Kc5 38. Kc3 a5 39. h4 Nc6 40. h5
gxh5 41. Nxh5 g6 42. Nf6 Ne5 43. f4 Nc6 44. Ne4+ Kd5 45. Nf6+ 1/2-1/2